00836nam a2200241Ia 4500003000400000005001700004008004100021020001800062040000700080041000800087082001900095100003000114245007200144260004200216300001800258365001300276650002100289650003800310906008000348942001200428999001900440952013500459OSt20230413155954.0210423s2009 xx 000 0 und d a9788187358176 cAL aeng a333.70954 AGAM aAGARWAL (Manmohan)988329 aIndias economic future: education technology energy and environment aNew DelhibSocial science pressc2009 axviii,275bPB b595cINR aEconomics988330 aNatural Resources & Energy988331 aeconomic ; education ; energy ; environment ; future: ; Indias ; technology 2ddccBK c159775d159775 001040708ECOaSACPGbSACPGd2011-08-13eAthulya Booksg595.00l0o333.70954 AGAMpPG006254r2022-08-24 00:00:00w2021-04-26yBK